Samuel Morris and the march of faith. (Record no. 13648)

000 -LEADER
fixed length control field 00788nam a2200205 a 4500
001 - CONTROL NUMBER
control field :::00011471$&:&@@
003 - CONTROL NUMBER IDENTIFIER
control field OkBaRHE
005 - DATE AND TIME OF LATEST TRANSACTION
control field 20000607103408.0
008 - FIXED-LENGTH DATA ELEMENTS--GENERAL INFORMATION
fixed length control field s1942 j 000 0 eng u
040 ## - CATALOGING SOURCE
Transcribing agency
100 1# - MAIN ENTRY--PERSONAL NAME
Personal name Baldwin, Lindley.
245 10 - TITLE STATEMENT
Title Samuel Morris and the march of faith.
260 ## - PUBLICATION, DISTRIBUTION, ETC. (IMPRINT)
Place of publication, distribution, etc Minneapolis, MN., :
Name of publisher, distributor, etc Bethany House Publishers
Date of publication, distribution, etc c1942
300 ## - PHYSICAL DESCRIPTION
Extent 94 p. : illus. ;
Dimensions 18 cm.
650 ## - SUBJECT ADDED ENTRY--TOPICAL TERM
Topical term or geographic name as entry element Morris, Samuel.
942 ## - ADDED ENTRY ELEMENTS (KOHA)
Source of classification or shelving scheme
Koha item type Books
Copies
Date last seen Date acquired Shelving location Source of classification or shelving scheme Permanent Location Barcode Damaged status Lost status Price effective from Copy number Koha item type Full call number Withdrawn status Not for loan
2010-04-142010-04-14General Stacks RHEMA Bible Training College11471  2010-04-141BooksBV 5095 .M67B35  
2010-04-142010-04-14General Stacks RHEMA Bible Training College16215  2010-04-142BooksBV 5095 .M67B35  
2010-04-142010-04-14General Stacks RHEMA Bible Training College20808  2010-04-143BooksBV 5095 .M67B35